<?xml version="1.0" encoding="UTF-8"?>
<record
    xmlns:xsi="http://www.w3.org/2001/XMLSchema-instance"
    xsi:schemaLocation="http://www.loc.gov/MARC21/slim http://www.loc.gov/standards/marcxml/schema/MARC21slim.xsd"
    xmlns="http://www.loc.gov/MARC21/slim">

  <leader>00198nam a2200085   4500</leader>
  <controlfield tag="001">1235808</controlfield>
  <controlfield tag="005">20251001092235.0</controlfield>
  <datafield tag="245" ind1=" " ind2=" ">
    <subfield code="a">AR&#x130;FLER&#x130;N MENK&#x130;BELER&#x130; </subfield>
    <subfield code="c">AHMET EFLAK&#x130; </subfield>
  </datafield>
  <datafield tag="260" ind1=" " ind2=" ">
    <subfield code="b">MEB YAYINLARI </subfield>
  </datafield>
  <datafield tag="999" ind1=" " ind2=" ">
    <subfield code="c">1235808</subfield>
    <subfield code="d">1235808</subfield>
  </datafield>
</record>
